UK Drill Rappers #1 - Statistics

General Stats
  • This quiz has been taken 1,208 times
  • The average score is 4 of 10
Answer Stats
Hint Answer % Correct
No Diet, Chiny, Woi Digga D
97%
Homerton B, 9ner Ting, Fresh Home Unknown T
72%
We Dont Dance, London, Riding M24
63%
Return of the Mac, Right Step Left, Kennington Where It Started MizOrMac
51%
Reality, Patient, Yo Bandokay
39%
Talk On My Name, Lurking, Take That Risk CB
36%
Fighting Force, Rise and Tan, Drilling NitoNB
32%
Badness, Crash, No Doubt Skengdo
26%
Time Will Tell, What's Good, Smokey Things Young Dizz
13%
Just Do It, Gunnerz On me, Real Drillas SmuggzyAce
9%
No matching quizzes found
Score Distribution
Percent of People with Each Score
Percentile by Number Answered
Your Score History
You have not taken this quiz